Una porta di speranza per separati e divorziati (Record n. 360183)
[ formato base ]
| 000 -LEADER | |
|---|---|
| campo di controllo lung. fissa | 00606nam a22002057a 4500 |
| 003 - Identificatore del numero di controllo | |
| campo di controllo | IT-MiCISF |
| 005 - Data e orario dell'ultima transazione | |
| campo di controllo | 20240709105102.0 |
| 008 - Elementi di lunghezza fissa--Informazione generale | |
| campo di controllo lung. fissa | 240709b |||||||| |||| 00| 0 eng d |
| 040 ## - Fonte della catalogazione | |
| Agenzia che fa la trascrizione | IT-MiCISF |
| 041 ## - Codice di lingua | |
| Codice di lingua del testo/traccia sonora o titolo separato | it |
| 100 ## - Accesso principale -- nome di persona | |
| Nome di persona | Montresor Roberto, Parasiliti Elena |
| 9 (RLIN) | 60878 |
| 245 ## - Formulazione del titolo | |
| Titolo | Una porta di speranza per separati e divorziati |
| 250 ## - Formulazione di edizione | |
| Formulazione di edizione | "Il segno", n. 6,giugno |
| 260 ## - Pubblicazione, distribuzione, ecc. (stampa) | |
| Data di pubblicazione, distribuzione, ecc. | 2024 |
| 300 ## - Descrizione fisica | |
| Estensione | pp. 24-31 + 5 |
| 500 ## - Nota generale | |
| Nota generale | pastorale-situazioni-difficili, separazione, divorzio, gruppi-familiari, esperienze |
| 650 ## - Accesso aggiunto di soggetto--termine topico | |
| Termine topico o nome geografico come accesso | Pastorale-familiare |
| 654 ## - Accesso aggiunto di soggetto--termini topici faccettati | |
| Termine principale | dossier |
| 942 ## - Dati aggiuntivi (Koha) | |
| Fonte della classificazione o dello schema di collocazione (segnatura) | Dewey Decimal Classification |
| Tipo copia default (Koha) | RIVISTA |
| Ritirato (status) | Perso (status) | Fonte della classificazione o dello schema di collocazione (segnatura) | Danneggiato (status) | Non per il presito | Biblioteca proprietaria | Biblioteca in cui si trova | Data d'acquisizione | Totale prestiti | Collocazione | Data ultima operazione | Prezzo in vigore dal | Tipo copia default (Koha) |
|---|---|---|---|---|---|---|---|---|---|---|---|---|
| Dewey Decimal Classification | Buone Condizioni | Not For Loan | CISF - Milano | CISF - Milano | 09/07/2024 | DP5/25 | 09/07/2024 | 09/07/2024 | RIVISTA |